000 00401nam a22001697a 4500
003 MPLRDC
005 20220104163321.0
008 210129b ||||| |||| 00| 0 eng d
020 _a0-679-75493-8
082 _a494.07 PET-2
100 _aTOM PETERS
245 _aTOM PETERS SEMINAR
_c
260 _a
_bVINTAGE BOOKS
_c1994
300 _b
650 _a企业管理
942 _cBK
_o494.07 PET-2
999 _c56397
_d56387